000 00565nam a2200181 i 4500
001 46497
003 ES-MaACL
005 20250930063051.0
007 t|
008 030331s1868 sp ||||1| spa d
100 1 _aComerma, Andrés Avelino,
_d1842-1917
_939995
245 1 0 _aCurso práctico de construcción naval /
_carreglado por Andrés Avelino Comerma y Batalla.
260 _aFerrol :
_bEl Eco Ferrolano,
_c1868.
300 _a2 v. ;
_c32 cm.
650 _aConstrucción naval.
_9136271
852 _aES-MaACL
_jG-6919-20
999 _c46497
_d46497